| 000 | 00959nas a2200289 4500 | ||
|---|---|---|---|
| 001 | BR2016002613 | ||
| 003 | BR-BrBNA | ||
| 005 | 20231205130412.0 | ||
| 007 | ta | ||
| 008 | 230509b bl.|||p| |||| 00| 00por d | ||
| 040 |
_aBR-BrBNA _bpor _cBiblioteca Nacional de Agricultura |
||
| 041 | _a(Pt) | ||
| 072 | _aK10; P36 | ||
| 100 | 1 | _aPereira, I.M. | |
| 100 | 1 | _aGonzaga, A.P.D. | |
| 100 | 1 | _aMachado, E.L.M. | |
| 100 | 1 | _aOliveira, M.L.R. | |
| 100 | 1 | _aMarques, I.C. | |
| 245 | 1 | _aEstrutura da vegetação colonizadora em ambiente degradado por extração de cascalho em Diamantina, MG | |
| 650 | _aMINERALOGIA | ||
| 650 | _aREVEGETAÇÃO | ||
| 650 | _aRECUPERAÇÃO DO SOLO | ||
| 773 | 0 |
_tPesquisa Florestal Brasileira (Brazil) _xISSN 1983-2605 _g(Apr-Jun 2015), v. 35(82) p. 77-88 _wBR2016002613 |
|
| 856 | 4 | 0 | _uhttp://pfb.cnpf.embrapa.br/pfb/index.php/pfb/article/view/769 |
| 909 |
_a202311 _bLúcia _c55 _dLúcia Elande |
||
| 942 |
_2AGRIS _n0 _cANA |
||
| 999 |
_c249251 _d249251 |
||